[Event "Madrid-chT 2425"]
[Site "Madrid"]
[Date "2024.12.01"]
[Round "2.3"]
[White "Torres Rebolledo, Alvaro"]
[Black "Hidalgo Duque, Carlos"]
[Result "0-1"]
[WhiteElo "2137"]
[BlackElo "2247"]
[PlyCount "140"]
[GameId "2118567824654508"]
[EventDate "2024.11.24"]
[EventType "team-tourn"]
[EventRounds "14"]
[EventCountry "ESP"]
[SourceVersionDate "2011.03.15"]
[WhiteTeam "Jaque Mate"]
[BlackTeam "Blanco y Negro"]
[WhiteTeamCountry "ESP"]
[BlackTeamCountry "ESP"]

1. e4 c5 2. Nf3 d6 3. d4 cxd4 4. Nxd4 Nf6 5. Nc3 a6 6. Bc4 e6 7. Be3 b5 8. Bb3 Bb7 9. Qe2 Nbd7 10. f3 b4 11. Na4 d5 12. O-O-O Be7 13. Bg5 O-O 14. e5 Ne8 15. Bxe7 Qxe7 16. f4 Nc7 17. h4 Nb5 18. Rh3 Nxd4 19. Rxd4 a5 20. h5 Bc6 21. Rg3 f6 22. f5 fxe5 23. Rdg4 Rxf5 24. Rxg7+ Qxg7 25. Rxg7+ Kxg7 26. a3 e4 27. Kb1 bxa3 28. bxa3 Rb8 29. Ka2 Bxa4 30. Bxa4 Nc5 31. Qe3 Rc8 32. g4 Rf3 33. Qg5+ Kf7 34. Bb5 e3 35. h6 Rg8 36. Be8+ Kf8 37. Qd8 Nb7 38. Qb8 Ke7 39. Qxb7+ Kxe8 40. Qc8+ Kf7 41. Qd7+ Kf6 42. Qxh7 Rxg4 43. Qh8+ Kf7 44. h7 Rh3 45. Qe5 Rgh4 46. Qc7+ Kf6 47. Qd8+ Kf5 48. Qf8+ Ke4 49. Qg8 Rxh7 50. Qxe6+ Kf4 51. Qd6+ Kf3 52. Qxd5+ Kf2 53. Qf5+ Kg2 54. Qg4+ Kf2 55. Qf5+ Kg3 56. Qe5+ Kg2 57. Qe4+ Kh2 58. Qf4+ Rg3 59. Qe4 Rhh3 60. Qe5 Kg2 61. c4 Rf3 62. Qe4 e2 63. c5 e1=Q 64. Qxe1 Rf2+ 65. Qxf2+ Kxf2 66. Kb2 a4 67. Kc2 Ke2 68. c6 Rh6 69. Kc3 Rxc6+ 70. Kb4 Ra6 0-1

[Event "Madrid-chT 2425"]
[Site "Madrid"]
[Date "2024.12.01"]
[Round "2.4"]
[White "Alarcia Astiz, Carlos"]
[Black "Fernandez Estremera, Fernando"]
[Result "1/2-1/2"]
[WhiteElo "2239"]
[BlackElo "2129"]
[PlyCount "58"]
[GameId "2118569823580351"]
[EventDate "2024.11.24"]
[EventType "team-tourn"]
[EventRounds "14"]
[EventCountry "ESP"]
[SourceVersionDate "2011.03.15"]
[WhiteTeam "Blanco y Negro"]
[BlackTeam "Jaque Mate"]
[WhiteTeamCountry "ESP"]
[BlackTeamCountry "ESP"]

1. e4 c5 2. Nf3 a6 3. d4 cxd4 4. Nxd4 Nf6 5. Nc3 e5 6. Nb3 Bb4 7. Qd3 d5 8. exd5 Nxd5 9. Bd2 Nxc3 10. Bxc3 Qxd3 11. cxd3 Nc6 12. Be2 Bf5 13. a3 Bxc3+ 14. bxc3 O-O-O 15. O-O-O Rd5 16. Rd2 Rhd8 17. c4 Nd4 18. Nxd4 Rxd4 19. Rhd1 Kc7 20. Kb2 Kd6 21. Bf3 Kc5 22. Bd5 e4 23. Kc3 exd3 24. Re1 f6 25. Re7 Rd7 26. Rxd7 Bxd7 27. Rxd3 Rxd3+ 28. Kxd3 b5 29. Kc3 h6 1/2-1/2

[Event "Madrid-chT 2425"]
[Site "Madrid"]
[Date "2024.12.01"]
[Round "2.5"]
[White "Serrano Ruiz, Miguel"]
[Black "Renteria Becerra, Jorge Elicer"]
[Result "1-0"]
[WhiteElo "2111"]
[BlackElo "2183"]
[PlyCount "87"]
[GameId "2118570659475654"]
[EventDate "2024.11.24"]
[EventType "team-tourn"]
[EventRounds "14"]
[EventCountry "ESP"]
[SourceVersionDate "2011.03.15"]
[WhiteTeam "Jaque Mate"]
[BlackTeam "Blanco y Negro"]
[WhiteTeamCountry "ESP"]
[BlackTeamCountry "ESP"]

1. e4 c5 2. c3 d6 3. d4 Nf6 4. Bd3 g6 5. Ne2 Bg7 6. O-O O-O 7. Nd2 Nc6 8. d5 Ne5 9. Bc2 b5 10. f4 Ned7 11. Nf3 Nb6 12. Ng3 Bg4 13. h3 Bxf3 14. Qxf3 b4 15. Ne2 a5 16. g4 a4 17. h4 Qc8 18. f5 Nbd7 19. Bf4 a3 20. b3 bxc3 21. Ng3 Kh8 22. g5 Ne8 23. h5 Kg8 24. Kg2 c4 25. Rh1 cxb3 26. axb3 Nc7 27. Qg4 Rd8 28. hxg6 hxg6 29. fxg6 fxg6 30. Raf1 Nf8 31. Qf3 Qd7 32. Be5 e6 33. Bxc3 Bxc3 34. Qxc3 Qg7 35. Rf6 Ne8 36. Rxf8+ Kxf8 37. Rh8+ Qg8 38. dxe6 Ra7 39. e7+ Rxe7 40. b4 Rc7 41. Rxg8+ Kxg8 42. Bb3+ Kh7 43. Qa1 d5 44. Bxd5 1-0

[Event "Madrid-chT 2425"]
[Site "Madrid"]
[Date "2024.12.01"]
[Round "2.6"]
[White "Rodriguez Melendez, Juan Humbert"]
[Black "Cuadrado Carmona, Javier"]
[Result "1/2-1/2"]
[WhiteElo "2110"]
[BlackElo "2028"]
[PlyCount "144"]
[GameId "2118572103520532"]
[EventDate "2024.11.24"]
[EventType "team-tourn"]
[EventRounds "14"]
[EventCountry "ESP"]
[SourceVersionDate "2011.03.15"]
[WhiteTeam "Blanco y Negro"]
[BlackTeam "Jaque Mate"]
[WhiteTeamCountry "ESP"]
[BlackTeamCountry "ESP"]

1. e4 e5 2. Nf3 Nc6 3. d4 exd4 4. Nxd4 Bc5 5. Nb3 Bb6 6. Nc3 d6 7. Be2 Be6 8. O-O Nge7 9. Nd5 O-O 10. Nxb6 axb6 11. c4 Ng6 12. Be3 f5 13. exf5 Bxf5 14. Nd4 Bd7 15. b3 Qf6 16. Nb5 Rac8 17. Bf3 Nge5 18. Bd5+ Kh8 19. f3 Nd8 20. Be4 Bc6 21. Qd2 Ne6 22. Na7 Rce8 23. Nxc6 Nxc6 24. Rfe1 Ra8 25. Rad1 Ra3 26. Bb1 Ne5 27. Qc2 Ng6 28. Rd5 Ra5 29. Red1 Nef4 30. Rxa5 bxa5 31. Rd4 Qe5 32. Re4 Qh5 33. Qd2 d5 34. Rxf4 Nxf4 35. Bxf4 dxc4 36. bxc4 Qc5+ 37. Be3 Qxc4 38. Qc2 Qxc2 39. Bxc2 b5 40. Kf2 c5 41. Ke2 c4 42. Bb6 Ra8 43. Be4 Ra6 44. Bc5 b4 45. Kd2 Rh6 46. h3 Rf6 47. a3 b3 48. Kc3 Re6 49. a4 h5 50. g3 Re8 51. Bb6 Rb8 52. Bxa5 b2 53. Bb1 Rb3+ 54. Kxc4 Rxf3 55. Bc3 Rf1 56. Bxb2 Rxb1 57. Be5 Re1 58. Kd5 Re3 59. a5 Ra3 60. Bc7 Kg8 61. h4 Kf7 62. Kc6 Ke8 63. Kb7 Kd7 64. Bb6 Rxg3 65. a6 Ra3 66. a7 g5 67. hxg5 Ke6 68. Bf2 Kf5 69. Bh4 Rb3+ 70. Kc7 Rc3+ 71. Kb7 Rb3+ 72. Kc8 Rc3+ 1/2-1/2

[Event "Madrid-chT 2425"]
[Site "Madrid"]
[Date "2024.12.07"]
[Round "2.1"]
[White "Candela Perez, Jose"]
[Black "Vazquez Igarza, Renier"]
[Result "1/2-1/2"]
[WhiteElo "2295"]
[BlackElo "2495"]
[PlyCount "24"]
[GameId "2154865535198036"]
[EventDate "2024.11.24"]
[EventType "team-tourn"]
[EventRounds "14"]
[EventCountry "ESP"]
[SourceVersionDate "2011.03.15"]
[WhiteTeam "Alcala de Henares"]
[BlackTeam "Collado Villalba"]
[WhiteTeamCountry "ESP"]
[BlackTeamCountry "ESP"]

1. d4 Nf6 2. Nf3 d5 3. e3 e6 4. Bd3 c5 5. b3 Nc6 6. O-O Bd6 7. Bb2 O-O 8. Nbd2 b6 9. a3 Bb7 10. Ne5 Rc8 11. f4 Ne7 12. Qf3 Nf5 1/2-1/2

[Event "Madrid-chT 2425"]
[Site "Madrid"]
[Date "2024.12.15"]
[Round "3.3"]
[White "Neagu, Roberto Florin"]
[Black "Aranda Marin, Cristian"]
[Result "0-1"]
[WhiteElo "2211"]
[BlackElo "2350"]
[PlyCount "64"]
[GameId "2123197717304271"]
[EventDate "2024.11.24"]
[EventType "team-tourn"]
[EventRounds "14"]
[EventCountry "ESP"]
[SourceVersionDate "2011.03.15"]
[WhiteTeam "Alcorcon Diagonal"]
[BlackTeam "Villalba 64"]
[WhiteTeamCountry "ESP"]
[BlackTeamCountry "ESP"]

1. d4 Nf6 2. c4 b6 3. Nf3 e6 4. g3 Bb7 5. Bg2 g6 6. O-O Bg7 7. Qd3 O-O 8. Nc3 d5 9. cxd5 exd5 10. Ne5 Re8 11. Rd1 c5 12. Bf4 cxd4 13. Qxd4 Na6 14. Nxd5 Nxd5 15. Bxd5 Qxd5 16. Qxd5 Bxd5 17. Rxd5 g5 18. Bxg5 Rxe5 19. Rxe5 Bxe5 20. Rb1 Rc8 21. b4 Rc2 22. Bh6 Rxa2 23. Kg2 f5 24. e4 Bd4 25. Rd1 Rxf2+ 26. Kh3 Bf6 27. exf5 Rxf5 28. g4 Re5 29. Rd7 Re7 30. Rd8+ Kf7 31. b5 Nc7 32. Rd2 Nxb5 0-1

[Event "Madrid-chT 2425"]
[Site "Madrid"]
[Date "2024.12.15"]
[Round "3.4"]
[White "Gavarrete, Nahun"]
[Black "Lozano Ramirez, Nestor Favian"]
[Result "0-1"]
[WhiteElo "2242"]
[BlackElo "2200"]
[PlyCount "54"]
[GameId "2123198355649497"]
[EventDate "2024.11.24"]
[EventType "team-tourn"]
[EventRounds "14"]
[EventCountry "ESP"]
[SourceVersionDate "2011.03.15"]
[WhiteTeam "Villalba 64"]
[BlackTeam "Alcorcon Diagonal"]
[WhiteTeamCountry "ESP"]
[BlackTeamCountry "ESP"]

1. c4 c5 2. g3 g6 3. Bg2 Bg7 4. Nc3 Nc6 5. a3 d6 6. Nf3 Bf5 7. O-O Qd7 8. b4 Bh3 9. Bxh3 Qxh3 10. bxc5 Bxc3 11. dxc3 dxc5 12. Rb1 b6 13. Qd5 Qd7 14. Bg5 h6 15. Rfd1 Rd8 16. Qe4 f5 17. Qc2 Qe6 18. Rxd8+ Nxd8 19. Bf4 Nc6 20. Qa4 Kf8 21. e4 fxe4 22. Re1 Nf6 23. Nd2 g5 24. Be3 Kf7 25. f3 Ne5 26. Qc2 exf3 27. Bf2 Qh3 0-1

[Event "Madrid-chT 2425"]
[Site "Madrid"]
[Date "2024.12.15"]
[Round "3.5"]
[White "Machado la Rosa, Ariel"]
[Black "Martinez Conde Hernandez, Carlos"]
[Result "0-1"]
[WhiteElo "2175"]
[BlackElo "2239"]
[PlyCount "117"]
[GameId "2123198868460515"]
[EventDate "2024.11.24"]
[EventType "team-tourn"]
[EventRounds "14"]
[EventCountry "ESP"]
[SourceVersionDate "2011.03.15"]
[WhiteTeam "Alcorcon Diagonal"]
[BlackTeam "Villalba 64"]
[WhiteTeamCountry "ESP"]
[BlackTeamCountry "ESP"]

1. e4 c5 2. Nf3 e6 3. d4 cxd4 4. Nxd4 Nc6 5. Nb5 d6 6. c4 Be7 7. N1c3 a6 8. Na3 Nf6 9. Be3 Qa5 10. Qd2 O-O 11. Be2 Re8 12. O-O Qc7 13. Rac1 Ne5 14. f3 b6 15. Na4 Rb8 16. b4 Bd7 17. Nb2 Qb7 18. Qc3 Rec8 19. Qb3 Ng6 20. Nd3 h5 21. Rfd1 Bf8 22. Nb1 Qc7 23. Bf1 Rb7 24. Nd2 Qb8 25. Rc2 h4 26. Rdc1 Qa8 27. a4 Re8 28. Bf2 Qb8 29. Rb1 Be7 30. Ra2 Bd8 31. Qd1 Bc7 32. f4 Qa8 33. Qf3 Rbb8 34. b5 axb5 35. cxb5 d5 36. e5 Ne4 37. Nb4 Nxf2 38. Qxf2 Qb7 39. Bd3 Bd8 40. Rc1 Be7 41. Na6 Rbc8 42. Rac2 Rxc2 43. Rxc2 Rc8 44. Bxg6 fxg6 45. Nf3 h3 46. gxh3 Rc4 47. Kg2 Qc8 48. Nd4 Kf7 49. Kf3 Rc3+ 50. Rxc3 Qxc3+ 51. Qe3 Qa1 52. Qd3 Qh1+ 53. Kg4 Qg1+ 54. Kf3 Qxh2 55. Qf1 Qd2 56. Qf2 Qd1+ 57. Ne2 Qxa4 58. Qxb6 Qe4+ 59. Kf2 0-1

[Event "Madrid-chT 2425"]
[Site "Madrid"]
[Date "2024.12.15"]
[Round "3.6"]
[White "Guach Rodriguez, Marco Antonio"]
[Black "Aguilera Lopez, Alejandro"]
[Result "0-1"]
[WhiteElo "1920"]
[BlackElo "2165"]
[PlyCount "58"]
[GameId "2123200505746423"]
[EventDate "2024.11.24"]
[EventType "team-tourn"]
[EventRounds "14"]
[EventCountry "ESP"]
[SourceVersionDate "2011.03.15"]
[WhiteTeam "Villalba 64"]
[BlackTeam "Alcorcon Diagonal"]
[WhiteTeamCountry "ESP"]
[BlackTeamCountry "ESP"]

1. e4 c5 2. Nc3 Nc6 3. g3 g6 4. Bg2 Bg7 5. d3 Rb8 6. Be3 d6 7. Qd2 b5 8. f4 Nd4 9. Nd1 b4 10. Bxd4 cxd4 11. Nf3 Qb6 12. O-O Nf6 13. h3 Bb7 14. Kh2 O-O 15. c3 dxc3 16. bxc3 bxc3 17. Nxc3 Qa5 18. Nd5 Qxd2 19. Nxe7+ Kh8 20. Nxd2 Rfe8 21. e5 Bxg2 22. Kxg2 Rxe7 23. exf6 Bxf6 24. Rab1 Rxb1 25. Nxb1 Bd4 26. a3 Re2+ 27. Kf3 Re3+ 28. Kg4 f5+ 29. Kg5 Kg7 0-1

[Event "Madrid-chT 2425"]
[Site "Madrid"]
[Date "2024.12.14"]
[Round "3.1"]
[White "Taboas Rodriguez, Daniel"]
[Black "Candela Perez, Jose"]
[Result "1/2-1/2"]
[WhiteElo "2333"]
[BlackElo "2295"]
[PlyCount "62"]
[GameId "2154865535198037"]
[EventDate "2024.11.24"]
[EventType "team-tourn"]
[EventRounds "14"]
[EventCountry "ESP"]
[SourceVersionDate "2011.03.15"]
[WhiteTeam "Blanco y Negro"]
[BlackTeam "Alcala de Henares"]
[WhiteTeamCountry "ESP"]
[BlackTeamCountry "ESP"]

1. d4 d5 2. c4 c6 3. cxd5 cxd5 4. Nc3 Nf6 5. Bf4 Nc6 6. e3 a6 7. Rc1 Bf5 8. Nf3 e6 9. Qb3 Ra7 10. Be2 Bd6 11. Bxd6 Qxd6 12. O-O O-O 13. Na4 Nd7 14. Nc5 Nxc5 15. Rxc5 Ne7 16. Rfc1 b6 17. R5c3 Bg4 18. Qc2 Bxf3 19. Bxf3 g6 20. Be2 Rd8 21. Qd1 Kg7 22. R1c2 Rdd7 23. Qf1 b5 24. Qc1 Rdb7 25. Rc5 Qd7 26. b3 Nf5 27. Bd3 Nd6 28. Rc6 Nc4 29. Rc5 Nd6 30. Rc6 Nc4 31. Rc5 Nd6 1/2-1/2

[Event "Madrid-chT 2425"]
[Site "Madrid"]
[Date "2024.12.14"]
[Round "3.2"]
[White "Moreno Ibanez, Miguel"]
[Black "Pinto, Daniel"]
[Result "0-1"]
[WhiteElo "2163"]
[BlackElo "2331"]
[PlyCount "88"]
[GameId "2154865535198038"]
[EventDate "2024.11.24"]
[EventType "team-tourn"]
[EventRounds "14"]
[EventCountry "ESP"]
[SourceVersionDate "2011.03.15"]
[WhiteTeam "Alcala de Henares"]
[BlackTeam "Blanco y Negro"]
[WhiteTeamCountry "ESP"]
[BlackTeamCountry "ESP"]

1. Nf3 d5 2. g3 g6 3. Bg2 Bg7 4. c4 c6 5. d4 Nf6 6. O-O O-O 7. cxd5 cxd5 8. Nc3 Nc6 9. Ne5 e6 10. Nxc6 bxc6 11. Bf4 Nh5 12. Be3 f5 13. Qd2 Qd6 14. Bh6 Bxh6 15. Qxh6 f4 16. Rad1 Rb8 17. Rd2 Rf7 18. Bf3 Ng7 19. e4 Rb4 20. g4 Qb8 21. b3 Ne8 22. Re1 Bd7 23. exd5 cxd5 24. Qg5 Kg7 25. h4 h6 26. Qe5+ Qxe5 27. dxe5 Nc7 28. Ne2 a5 29. Nd4 a4 30. a3 Rb7 31. b4 Nb5 32. Nxb5 Bxb5 33. Rc1 Rbc7 34. Rdc2 Rxc2 35. Rxc2 Bc4 36. Kh2 g5 37. h5 Kf8 38. Kg2 Ke8 39. Rc3 Kd8 40. Bd1 Rc7 41. Kg1 d4 42. Rc1 Bb3 43. Rxc7 Kxc7 44. Bf3 d3 0-1

[Event "Madrid-chT 2425"]
[Site "Madrid"]
[Date "2024.12.14"]
[Round "3.3"]
[White "Hidalgo Duque, Carlos"]
[Black "Palenciano Escolar, Adrian"]
[Result "1-0"]
[WhiteElo "2247"]
[BlackElo "2119"]
[PlyCount "85"]
[GameId "2124438880669772"]
[EventDate "2024.11.24"]
[EventType "team-tourn"]
[EventRounds "14"]
[EventCountry "ESP"]
[SourceVersionDate "2011.03.15"]
[WhiteTeam "Blanco y Negro"]
[BlackTeam "Alcala de Henares"]
[WhiteTeamCountry "ESP"]
[BlackTeamCountry "ESP"]

1. d4 Nf6 2. c4 g6 3. Nc3 Bg7 4. e4 d6 5. Nf3 O-O 6. Be2 e5 7. O-O Na6 8. Re1 c6 9. Be3 Ng4 10. Bg5 Qc7 11. h3 Nf6 12. c5 h6 13. cxd6 Qxd6 14. dxe5 Qxd1 15. Raxd1 hxg5 16. exf6 Bxf6 17. Bxa6 bxa6 18. Rd6 Be6 19. e5 Be7 20. Rxc6 Rab8 21. Re2 Rfc8 22. Rxc8+ Rxc8 23. Re4 Rb8 24. Nd4 Rxb2 25. Nxe6 fxe6 26. Re2 Ba3 27. Rxb2 Bxb2 28. Ne4 Bxe5 29. Nxg5 Kf8 30. g3 Ke7 31. Kg2 Bd4 32. f4 Kd6 33. Kf3 Kd5 34. g4 Bf6 35. Ne4 Bd8 36. Ke3 Kc4 37. g5 Bb6+ 38. Kf3 Kd4 39. h4 Kd5 40. Nf6+ Kd6 41. h5 gxh5 42. g6 Ke7 43. g7 1-0

[Event "Madrid-chT 2425"]
[Site "Madrid"]
[Date "2024.12.14"]
[Round "3.4"]
[White "Gomez Gonzalez, Javier"]
[Black "Alarcia Astiz, Carlos"]
[Result "0-1"]
[WhiteElo "2106"]
[BlackElo "2239"]
[PlyCount "88"]
[GameId "2124444712366178"]
[EventDate "2024.11.24"]
[EventType "team-tourn"]
[EventRounds "14"]
[EventCountry "ESP"]
[SourceVersionDate "2011.03.15"]
[WhiteTeam "Alcala de Henares"]
[BlackTeam "Blanco y Negro"]
[WhiteTeamCountry "ESP"]
[BlackTeamCountry "ESP"]

1. e4 c6 2. d4 d5 3. exd5 cxd5 4. c4 Nf6 5. Nc3 dxc4 6. Bxc4 e6 7. Nf3 Be7 8. O-O O-O 9. Ne5 Nbd7 10. Nxd7 Qxd7 11. Be3 Rd8 12. Rc1 b6 13. Bb5 Qb7 14. Qb3 Bd7 15. Rfd1 Bxb5 16. Qxb5 a6 17. Qb3 b5 18. Na4 Qe4 19. Nc5 Qh4 20. h3 Nd5 21. Nb7 Rdc8 22. Na5 h6 23. Nc6 Bd6 24. Ne5 Bxe5 25. dxe5 Qe4 26. Rxc8+ Rxc8 27. Qa3 Nxe3 28. Qxe3 Qxe3 29. fxe3 Rc2 30. Rd8+ Kh7 31. Rd3 Rxb2 32. Ra3 Re2 33. Kf1 b4 34. Kxe2 bxa3 35. Kf3 Kg6 36. Kf4 Kh5 37. g3 g6 38. Kf3 Kg5 39. e4 a5 40. Ke3 h5 41. Kf3 h4 42. Kf2 Kh5 43. Kf3 hxg3 44. Kxg3 g5 0-1

[Event "Madrid-chT 2425"]
[Site "Madrid"]
[Date "2024.12.14"]
[Round "3.5"]
[White "Renteria Becerra, Jorge Elicer"]
[Black "Nunez Miranda, Adrian"]
[Result "1/2-1/2"]
[WhiteElo "2183"]
[BlackElo "2115"]
[PlyCount "94"]
[GameId "2124446181818488"]
[EventDate "2024.11.24"]
[EventType "team-tourn"]
[EventRounds "14"]
[EventCountry "ESP"]
[SourceVersionDate "2011.03.15"]
[WhiteTeam "Blanco y Negro"]
[BlackTeam "Alcala de Henares"]
[WhiteTeamCountry "ESP"]
[BlackTeamCountry "ESP"]

1. e4 c5 2. Nf3 Nc6 3. d4 cxd4 4. Nxd4 Nf6 5. Nc3 d6 6. Bg5 e6 7. Qd2 a6 8. O-O-O Bd7 9. f3 Nxd4 10. Qxd4 Be7 11. Be3 b5 12. Kb1 Qc7 13. g4 O-O 14. g5 Nh5 15. e5 d5 16. Bh3 Rfc8 17. Rc1 b4 18. Ne2 g6 19. f4 Qc4 20. Qd2 Qe4 21. Nd4 Rc4 22. Bg2 Rxd4 23. Bxd4 Qxf4 24. Be3 Qxe5 25. Bf3 Bf8 26. Bd4 Qf4 27. Qf2 Ng7 28. Be3 Qe5 29. Bg4 Nf5 30. Bxf5 Qxf5 31. Qh4 Bg7 32. Qxb4 Bb5 33. Qf4 d4 34. Bd2 Qd5 35. Rhe1 Rc8 36. Qe4 Qd8 37. h4 Bc4 38. Bf4 Rc5 39. Red1 Ra5 40. b3 Bd5 41. Qe1 Rc5 42. Be5 Bxb3 43. Rxd4 Qb6 44. cxb3 Bxe5 45. Rxc5 Qxc5 46. Rc4 Qd5 47. a4 Bd4 1/2-1/2

[Event "Madrid-chT 2425"]
[Site "Madrid"]
[Date "2024.12.14"]
[Round "3.6"]
[White "Candela Martin, Alvaro"]
[Black "Herranz Sanchez, Pablo"]
[Result "0-1"]
[WhiteElo "2009"]
[BlackElo "2100"]
[PlyCount "62"]
[GameId "2124468892975246"]
[EventDate "2024.11.24"]
[EventType "team-tourn"]
[EventRounds "14"]
[EventCountry "ESP"]
[SourceVersionDate "2011.03.15"]
[WhiteTeam "Alcala de Henares"]
[BlackTeam "Blanco y Negro"]
[WhiteTeamCountry "ESP"]
[BlackTeamCountry "ESP"]

{[%evp 0,28,11,14,21,78,19,-1,-5,1,5,-2,-2,7,22,2,31,0,-3,-34,-36,-97,-25,-22,-102,-103,-82,-89,-85,-108,-94]} 1. e4 c5 2. Nf3 e6 3. b3 Nc6 4. Bb2 d5 5. exd5 exd5 6. Bb5 Nf6 7. O-O Be7 8. Re1 O-O 9. d4 Bg4 10. Nbd2 Nxd4 11. Bxd4 cxd4 12. a3 Rc8 13. h3 Bh5 14. Bd3 Ne8 15. Nf1 Bf6 16. Ng3 Bg6 17. Nf5 Nd6 18. N5xd4 Qb6 19. Bxg6 hxg6 20. Qd3 Ne4 21. c4 Nc5 22. Qe3 dxc4 23. bxc4 a6 24. Rab1 Qc7 25. Rb4 Rfd8 26. Nb3 Nd3 27. Nbd2 Nxe1 28. Qxe1 Bc3 29. Rb3 Qa5 30. Rxb7 Bxd2 31. Qe7 Qf5 0-1

[Event "Madrid-chT 2425"]
[Site "Madrid"]
[Date "2024.12.15"]
[Round "3.1"]
[White "Reyes Larena, Juan"]
[Black "Blanco Diez, David"]
[Result "1-0"]
[WhiteElo "2432"]
[BlackElo "2267"]
[PlyCount "77"]
[GameId "2124470081295066"]
[EventDate "2024.11.24"]
[EventType "team-tourn"]
[EventRounds "14"]
[EventCountry "ESP"]
[SourceVersionDate "2011.03.15"]
[WhiteTeam "San Sebastian de los Reyes"]
[BlackTeam "Jaque Mate"]
[WhiteTeamCountry "ESP"]
[BlackTeamCountry "ESP"]

1. e4 c5 2. Nf3 d6 3. d4 cxd4 4. Nxd4 Nf6 5. Nc3 Nc6 6. Be2 g6 7. Nb3 Bg7 8. O-O O-O 9. Re1 a6 10. Bf1 b5 11. a4 b4 12. Nd5 e6 13. Nxf6+ Bxf6 14. a5 Bb7 15. f4 Qc7 16. Ra4 Rfe8 17. Qd3 Rac8 18. Rd1 d5 19. e5 Be7 20. Be3 Nb8 21. Rd2 Bc6 22. Bb6 Qb7 23. Ra1 Bb5 24. Qe3 Bxf1 25. Rxf1 Rc4 26. Qf2 Rec8 27. Kh1 Nd7 28. f5 gxf5 29. Nd4 Kh8 30. b3 Nxb6 31. axb6 Rc3 32. g4 Qxb6 33. gxf5 Rg8 34. fxe6 fxe6 35. Qf7 Bd8 36. Nxe6 h6 37. Rg2 Bg5 38. Rf6 Rh3 39. Nxg5 1-0

[Event "Madrid-chT 2425"]
[Site "Madrid"]
[Date "2024.12.15"]
[Round "3.2"]
[White "Lopez Mijail, Nicolas"]
[Black "Rottenwohrer Suarez, Juan"]
[Result "1/2-1/2"]
[WhiteElo "2274"]
[BlackElo "2348"]
[PlyCount "32"]
[GameId "2124471858008815"]
[EventDate "2024.11.24"]
[EventType "team-tourn"]
[EventRounds "14"]
[EventCountry "ESP"]
[SourceVersionDate "2011.03.15"]
[WhiteTeam "Jaque Mate"]
[BlackTeam "San Sebastian de los Reyes"]
[WhiteTeamCountry "ESP"]
[BlackTeamCountry "ESP"]

1. e4 e5 2. Nf3 Nc6 3. d4 exd4 4. Nxd4 Nf6 5. Nc3 Nxe4 6. Nxe4 Qe7 7. f3 d5 8. Nxc6 bxc6 9. Qe2 dxe4 10. Qxe4 Qxe4+ 11. fxe4 Rb8 12. Bc4 Bd6 13. Be3 Be5 14. O-O Be6 15. Bxe6 fxe6 16. Rab1 a5 1/2-1/2

[Event "Madrid-chT 2425"]
[Site "Madrid"]
[Date "2024.12.15"]
[Round "3.3"]
[White "Alfaya Marcelo, Roberto"]
[Black "Torres Rebolledo, Alvaro"]
[Result "1/2-1/2"]
[WhiteElo "2235"]
[BlackElo "2137"]
[PlyCount "156"]
[GameId "2126649609265247"]
[EventDate "2024.11.24"]
[EventType "team-tourn"]
[EventRounds "14"]
[EventCountry "ESP"]
[SourceVersionDate "2011.03.15"]
[WhiteTeam "San Sebastian de los Reyes"]
[BlackTeam "Jaque Mate"]
[WhiteTeamCountry "ESP"]
[BlackTeamCountry "ESP"]

1. d4 Nf6 2. c4 e6 3. Nf3 a6 4. Nc3 d5 5. c5 b6 6. cxb6 c5 7. Bf4 Bd6 8. Bxd6 Qxd6 9. dxc5 Qxc5 10. Qd4 Nbd7 11. Qxc5 Nxc5 12. Rc1 Rb8 13. Nxd5 Nxd5 14. Rxc5 O-O 15. e4 Nxb6 16. b3 Bb7 17. Nd2 Nd7 18. Rc7 Ne5 19. f3 Rfc8 20. Rxc8+ Rxc8 21. Bc4 a5 22. Ke2 Kf8 23. Rb1 g5 24. Rb2 Ke7 25. Bb5 Rc5 26. a4 Bc6 27. Ba6 Bd7 28. Ke3 Rc3+ 29. Kd4 Rc6 30. Be2 Rb6 31. Kc3 Rb4 32. Nc4 Nxc4 33. Bxc4 e5 34. Rd2 Bc6 35. Bd5 Be8 36. Rc2 Kd6 37. Kd3 Rb8 38. g4 f6 39. h4 gxh4 40. Rh2 Rc8 41. Rxh4 Bg6 42. Bc4 Kc5 43. Kc3 Rd8 44. Rh1 Rd7 45. Bd5 Rc7 46. b4+ axb4+ 47. Kb3 Kd4 48. Kxb4 Rc8 49. Rd1+ Ke3 50. a5 Ke2 51. Ra1 Kxf3 52. Rf1+ Ke2 53. Rxf6 Ke3 54. Rc6 Rb8+ 55. Rb6 Rc8 56. Rxg6 hxg6 57. a6 Kf4 58. a7 Kxg4 59. a8=Q Rxa8 60. Bxa8 Kf4 61. Kc3 g5 62. Kd2 g4 63. Bd5 Kf3 64. Ke1 Kg2 65. Bc4 g3 66. Be2 Kh2 67. Bf3 g2 68. Bxg2 Kxg2 69. Ke2 Kg3 70. Ke3 Kg4 71. Ke2 Kf4 72. Kf2 Kxe4 73. Ke2 Kd4 74. Kd2 e4 75. Ke2 e3 76. Ke1 Kd3 77. Kd1 e2+ 78. Ke1 Ke3 1/2-1/2

[Event "Madrid-chT 2425"]
[Site "Madrid"]
[Date "2024.12.15"]
[Round "3.4"]
[White "Torres Rebolledo, Victor"]
[Black "Martinez Fernandez, Raul"]
[Result "1/2-1/2"]
[WhiteElo "2177"]
[BlackElo "2200"]
[PlyCount "30"]
[GameId "2126649638088816"]
[EventDate "2024.11.24"]
[EventType "team-tourn"]
[EventRounds "14"]
[EventCountry "ESP"]
[SourceVersionDate "2011.03.15"]
[WhiteTeam "Jaque Mate"]
[BlackTeam "San Sebastian de los Reyes"]
[WhiteTeamCountry "ESP"]
[BlackTeamCountry "ESP"]

1. Nf3 Nf6 2. g3 c5 3. c4 d5 4. cxd5 Nxd5 5. Bg2 Nc6 6. d4 Nf6 7. dxc5 Qxd1+ 8. Kxd1 e6 9. a3 a5 10. Nc3 Bxc5 11. Ke1 Bd7 12. Bf4 O-O 13. Rc1 Rac8 14. Nb5 Ne7 15. Nc3 Bc6 1/2-1/2